000
00211nam a2200085Ia 4500
008
120527s9999 xx 000 0 und d
100
_a
Olajire,A,A.et al.
245
_a
Introductory physical Chemistry.
942
_c
BK
999
_c
22080
_d
22080